000
00271nam a2200133Ia 4500
100
_a
Pai/V
942
_c
BK
654
_a
Applied Mechanics
245
_a
Applied Mechanics.
260
_b
Pune Vidyarthi
_a
Pune
_c
1988
300
_a
259
546
_a
ENGLISH
999
_c
25662
_d
25662